Omar al-Mukhtar: the formation of cultural memory and the case of the militant group that bears his name
| Main Author: | |
|---|---|
| Contributors: | |
| Format: | Print Article |
| Language: | English |
| Check availability: | HBZ Gateway |
| Interlibrary Loan: | Interlibrary Loan for the Fachinformationsdienste (Specialized Information Services in Germany) |
| Published: |
2008
|
| In: |
The journal of North African studies
Year: 2008, Volume: 13, Issue: 2, Pages: 201-217 |
| Further subjects: | B
Nationalism
B Political process B Terrorism B Dschihadismus B Al-Aqsa-Intifada (seit September 2000) B Libya B Palestinian National Authority B Militancy B Transnational policy B Islam B Libya Mukhtar, Umar al- Palästinensische Selbstverwaltungsgebiete Nationalism Märtyrertum Transnationale Prozesse Militanter Islam Terrorism Terroristen / Terrorgruppe B Terrorist B Martyr |
MARC
| LEADER | 00000caa a22000002c 4500 | ||
|---|---|---|---|
| 001 | 1640726926 | ||
| 003 | DE-627 | ||
| 005 | 20230426153946.0 | ||
| 007 | tu | ||
| 008 | 130708s2008 xx ||||| 00| ||eng c | ||
| 035 | |a (DE-627)1640726926 | ||
| 035 | |a (DE-576)387335366 | ||
| 035 | |a (DE-599)BSZ387335366 | ||
| 035 | |a (DE-615)00400124 | ||
| 040 | |a DE-627 |b ger |c DE-627 |e rakwb | ||
| 041 | |a eng | ||
| 084 | |a RG01.15 |2 fivr | ||
| 084 | |a RG02.17 |2 fivr | ||
| 084 | |a SG05.01 |2 fivs | ||
| 084 | |a 0 |2 ssgn | ||
| 100 | 1 | |0 (DE-588)123330408 |0 (DE-627)082489343 |0 (DE-576)184760186 |4 aut |a Nassar, Hala Khamis |d 1964- | |
| 109 | |a Nassar, Hala Khamis 1964- | ||
| 245 | 1 | 0 | |a Omar al-Mukhtar |b the formation of cultural memory and the case of the militant group that bears his name |c Hala Khamis Nassar and Marco Boggero |
| 264 | 1 | |c 2008 | |
| 300 | |e Tab., Lit. S. 216-217 | ||
| 336 | |a Text |b txt |2 rdacontent | ||
| 337 | |a ohne Hilfsmittel zu benutzen |b n |2 rdamedia | ||
| 338 | |a Band |b nc |2 rdacarrier | ||
| 650 | 0 | 7 | |0 (DE-588)4041300-7 |0 (DE-627)106219758 |0 (DE-576)209044373 |a Nationalismus |2 gnd |
| 650 | 0 | 7 | |0 (DE-588)4036915-8 |0 (DE-627)106240145 |0 (DE-576)209021233 |a Märtyrer |2 gnd |
| 650 | 0 | 7 | |0 (DE-588)7595654-8 |0 (DE-627)556145852 |0 (DE-576)275992039 |a Transnationale Politik |2 gnd |
| 650 | 0 | 7 | |0 (DE-588)4175043-3 |0 (DE-627)10536746X |0 (DE-576)209960949 |a Politischer Prozess |2 gnd |
| 650 | 0 | 7 | |0 (DE-588)117546435X |0 (DE-627)1046433695 |0 (DE-576)516227777 |a Dschihadismus |2 gnd |
| 650 | 0 | 7 | |0 (DE-588)4460684-9 |0 (DE-627)230612172 |0 (DE-576)212668013 |a Militanz |2 gnd |
| 650 | 0 | 7 | |0 (DE-588)4027743-4 |0 (DE-627)106283499 |0 (DE-576)20897220X |a Islam |2 gnd |
| 650 | 0 | 7 | |0 (DE-588)4059534-1 |0 (DE-627)106143212 |0 (DE-576)209131136 |a Terrorismus |2 gnd |
| 650 | 0 | 7 | |0 (DE-588)4059536-5 |0 (DE-627)106143204 |0 (DE-576)209131144 |a Terrorist |2 gnd |
| 650 | 4 | |a Libyen |x Mukhtar, Umar al- |x Palästinensische Selbstverwaltungsgebiete |x Nationalismus |x Märtyrertum |x Transnationale Prozesse |x Militanter Islam |x Terrorismus |x Terroristen/Terrorgruppe | |
| 650 | 4 | |a Al-Aqsa-Intifada (seit September 2000) | |
| 651 | 7 | |0 (DE-588)4035589-5 |0 (DE-627)106246895 |0 (DE-576)209013567 |a Libyen |2 gnd | |
| 651 | 7 | |0 (DE-588)4448806-3 |0 (DE-627)226435024 |0 (DE-576)212549073 |a Palästinensische Autonomiegebiete |2 gnd | |
| 700 | 1 | |a Boggero, Marco |4 oth | |
| 773 | 0 | 8 | |i In |t The journal of North African studies |d London [u.a.] : Routledge, Taylor & Francis Group, 1996 |g 13(2008), 2, Seite 201-217 |w (DE-627)216376483 |w (DE-600)1338519-7 |w (DE-576)323104452 |x 1362-9387 |7 nnas |
| 773 | 1 | 8 | |g volume:13 |g year:2008 |g number:2 |g pages:201-217 |
| 936 | f | i | |0 (DE-627)1756133611 |a RG01.15 |b Libyen |k Naher und Mittlerer Osten und Nordafrika |k Nordafrika |k Libyen |2 fivr |
| 936 | f | i | |0 (DE-627)1756133727 |a RG02.17 |b Palästinensische Selbstverwaltungsgebiete |k Naher und Mittlerer Osten und Nordafrika |k Arabischer Osten/Israel |k Palästinensische Selbstverwaltungsgebiete |2 fivr |
| 936 | f | i | |0 (DE-627)1756136041 |a SG05.01 |b Ideologie |k Gesellschaft |k Politische Kultur/Meinungsbildung |k Ideologie |2 fivs |
| 938 | 1 | 0 | |0 (DE-627)1756166714 |0 (DE-615)6602638 |a Libyen |2 fivt |
| 938 | 1 | 0 | |0 (DE-627)175624149X |0 (DE-615)6606449 |a Palästinensische Selbstverwaltungsgebiete |2 fivt |
| 938 | 1 | 0 | |0 (DE-627)1756183988 |0 (DE-615)6607777 |a Nationalismus |2 fivt |
| 938 | 1 | 0 | |0 (DE-627)1756210144 |0 (DE-615)6607427 |a Märtyrertum |2 fivt |
| 938 | 1 | 0 | |0 (DE-627)1756170053 |0 (DE-615)6608891 |a Transnationale Prozesse |2 fivt |
| 938 | 1 | 0 | |0 (DE-627)1756206961 |0 (DE-615)6605217 |a Militanter Islam |2 fivt |
| 938 | 1 | 0 | |0 (DE-627)1756191182 |0 (DE-615)6608518 |a Terrorismus |2 fivt |
| 938 | 1 | 0 | |0 (DE-627)1756237611 |0 (DE-615)6609688 |a Terroristen/Terrorgruppe |2 fivt |
| 938 | 1 | 1 | |0 (DE-627)339018909 |0 (DE-588)4665525-6 |a Intifada |g 2000-2005 |2 gnd |2 fiva |
| 951 | |a AR | ||
| ELC | |b 1 | ||
| ORI | |a SA-MARC-ixtheo_oa001.raw | ||
| REL | |a 1 | ||
| STA | 0 | 0 | |a Islam,Islam,Libya,Martyr,Martyr,Christian martyr,Martyrs in art,Militancy,Nationalism,Nationalism in literature,Nationalism in art,Palestinian National Authority,as- Sulṭa al-Filasṭīnīya,as- Sulṭa al-Waṭanīya al-Filasṭīnīya,Palestinian Authority,ha- Rēšût ha-Palesṭînît,Political process,Terrorism,Terrorism,Political terrorism,Terrorism in literature,Terrorist,Transnational policy |
| STB | 0 | 0 | |a Djihadistes,Islam,Islam,Martyrs,Martyrs,Militantisme,Nationalisme,Politique transnationale,Procès politique,Terrorisme,Terrorisme,Terroriste |
| STC | 0 | 0 | |a Extremismo ideológico,Islam,Islam,Mártir,Mártir,Nacionalismo,Política transnacional,Proceso político,Terrorismo,Terrorismo,Terrorista |
| STD | 0 | 0 | |a Islam,Islam,Martire,Martire,Militanza,Nazionalismo,Politica transnazionale,Processo politico,Terrorimo,Terrorismo,Terrorista |
| STE | 0 | 0 | |a 伊斯兰教,伊斯兰教,回教,回教,恐怖主义,恐怖主义,战斗性,斗争性,殉教者,烈士,殉道者,民族主义,国民主义,国族主义 |
| STF | 0 | 0 | |a 伊斯蘭教,伊斯蘭教,回教,回教,恐怖主義,恐怖主義,戰鬥性,鬥爭性,殉教者,烈士,殉道者,民族主義,國民主義,國族主義 |
| STG | 0 | 0 | |a Extremismo ideológico,Islã,Islã,Mártir,Mártir,Nacionalismo,Política transnacional,Processo político,Terrorismo,Terrorismo,Terrorista |
| STH | 0 | 0 | |a Воинственность,Ислам (мотив),Ислам,Национализм,Политический процесс,Святой мученик (мотив),Святой мученик,Терроризм (мотив),Терроризм,Террорист,Транснациональная политика |
| STI | 0 | 0 | |a Διακρατική πολιτική,Εθνικισμός,Ισλάμ (μοτίβο),Ισλάμ,Μάρτυρας (μοτίβο),Μάρτυρας,Μαχητικότητα,Πολιτική διαδικασία,Τρομοκράτης,Τρομοκρατία (μοτίβο),Τρομοκρατία |
| SUB | |a REL | ||
| SYE | 0 | 0 | |a Pannationalismus , Blutzeuge,Christlicher Märtyrer,Martyrer , Transnationalismus , Jihadismus,Djihadismus , Militantes Verhalten , Islam , Politischer Terrorismus , Terroristen , Staat Libyen,Lībiyā,al- Ǧumhūrīya al-ʿArabīya al-Lībīya,Arabische Republik Libyen,Libyan Arab Republic,République Arabe Libyenne,RAL,Republik Libyen,Regno Unito di Libia,United Kingdom of Libya,al- Mamlaka al-Lībīyā al-Muttaḥida,Jamahiria,Sozialistische, Libysch-Arabische Volksjamahiria,al- Ǧamāhīrīya al-ʿArabīya al-Lībīya aš-Šaʿbīya al-Ištirākīya,al- Ǧamāhīrīya al-Lībīya aš-Šaʿbīya al-Ištirakīya al-Uẓmā,Arabisch-Libysche Sozialistische Volksjamahiriya,Sozialistische Volkstümliche Libysche Arabische Jamahiriya,SVLAJ,People's Socialist Libyan Arab Jamahiriya,Jamahiriya Araba Libica Popolare Socialista,Great Socialist People's Libyan Arab Jamahiriya,al- Mamlaka al-Lībiyā,Kingdom of Libya,Socialist Popular Libyan Arab Jamahiriya,Libyan Arab Jamahiriya Popular and Socialist,Libya,Socialist People's Libyan Arab Jamahiriya,Socialist People's Libyan Arab Jamahiriyah |
| SYF | 0 | 0 | |a Staat Libyen,Lībiyā,al- Ǧumhūrīya al-ʿArabīya al-Lībīya,Arabische Republik Libyen,Libyan Arab Republic,République Arabe Libyenne,RAL,Republik Libyen,Regno Unito di Libia,United Kingdom of Libya,al- Mamlaka al-Lībīyā al-Muttaḥida,Jamahiria,Sozialistische, Libysch-Arabische Volksjamahiria,al- Ǧamāhīrīya al-ʿArabīya al-Lībīya aš-Šaʿbīya al-Ištirākīya,al- Ǧamāhīrīya al-Lībīya aš-Šaʿbīya al-Ištirakīya al-Uẓmā,Arabisch-Libysche Sozialistische Volksjamahiriya,Sozialistische Volkstümliche Libysche Arabische Jamahiriya,SVLAJ,People's Socialist Libyan Arab Jamahiriya,Jamahiriya Araba Libica Popolare Socialista,Great Socialist People's Libyan Arab Jamahiriya,al- Mamlaka al-Lībiyā,Kingdom of Libya,Socialist Popular Libyan Arab Jamahiriya,Libyan Arab Jamahiriya Popular and Socialist,Libya,Socialist People's Libyan Arab Jamahiriya,Socialist People's Libyan Arab Jamahiriyah , as- Sulṭa al-Waṭanīya al-Filasṭīnīya,as- Sulṭa al-Filasṭīnīya,as- Sulṭa al-Filasṭīniyya,Palestinian National Authority,PNA,Palestinian Authority,PA,Palestinian Authority Areas,Palestinian Administered Territories,Filasṭīn,Falasṭīn,Palestine,West Bank and Gaza Strip,Gaza Strip and Westbank |



